Catálogo
 En Linea

Hacia una economía renovada / (Registro nro. 17181)

Detalles MARC
000 -CABECERA
campo de control de longitud fija 00840nam a2200193 a 4500
001 - NÚMERO DE CONTROL
campo de control 000017656
005 - FECHA Y HORA DE LA ÚLTIMA TRANSACCIÓN
campo de control 20200929165202.0
008 - DATOS DE LONGITUD FIJA--INFORMACIÓN GENERAL
campo de control de longitud fija 100329s1983 dr 000 0 spa d
040 ## - FUENTE DE LA CATALOGACIÓN
Centro catalogador/agencia de origen DO-SdBNP
Lengua de catalogación spa
Centro/agencia transcriptor BNPHU
082 ## - NÚMERO DE LA CLASIFICACIÓN DECIMAL DEWEY
Número de clasificación 330.917193
Número de documento/Ítem A345h
100 1# - ENTRADA PRINCIPAL--NOMBRE DE PERSONA
Nombre de persona Alburquerque Ramírez, Ramón
9 (RLIN) 36283
245 10 - MENCIÓN DE TÍTULO
Título Hacia una economía renovada /
Mención de responsabilidad, etc. Ramón Alburquerque Ramírez.
260 ## - PUBLICACIÓN, DISTRIBUCIÓN, ETC.
Lugar de publicación, distribución, etc. Santo Domingo :
Nombre del editor, distribuidor, etc. Secretariado Técnico de la Presidencia,
Fecha de publicación, distribución, etc. 1983.
300 ## - DESCRIPCIÓN FÍSICA
Extensión 20 p. : ;
Dimensiones 21 cm.
500 ## - NOTA GENERAL
Nota general Texto de la disertación pronunciada por el Ing. Ramón Alburquerque Ramírez Secretario Técnico de la Presidencia en el almuerzo mensual de la Cámara Américana de Comercio. -- En portada
590 ## - NOTA LOCAL (RLIN)
Nota local Inventariado, 2018/ YL
651 #4 - PUNTO DE ACCESO ADICIONAL DE MATERIA--NOMBRE GEOGRÁFICO
Nombre geográfico República Dominicana
Subdivisión general Política Económica
9 (RLIN) 643
910 ## - DATOS DE OPCIÓN DEL USUARIO (OCLC)
Datos de opción del usuario Validado. Control de calidad MMOLINA
Existencias
Estado de retiro Estado de pérdida No para préstamo Código de colección Localización permanente Ubicación/localización actual Ubicación en estantería Fecha de adquisición Número de inventario Total de préstamos Signatura topográfica completa Código de barras Fecha visto por última vez Precio válido a partir de Tipo de ítem Koha
    Excluido de préstamo Patrimonio Dominicano Patrimonio Dominicano Patrimonio Dominicano Depósito 29.03.2010 LF1   330.917193 A345h 17656-10 25.06.2020 25.06.2020 Libro y Folleto Colección Patrimonio Dominicano

Con tecnología Koha